Most expensive football transfers - Defensive Midfielders - 2014-2015 - Statistics

General Stats
  • This quiz has been taken 14 times
  • The average score is 7 of 10
Answer Stats
Fee (M €) Nationality Left Joined Player % Correct
10,00 Netherlands Norwich QPR Leroy Fer
100%
12,00 Germany Bayer Leverkusen Liverpool Emre Can
90%
15,00 Brazil FC Porto Manchester City Fernando
90%
9,00 Spain Real Madrid Bayern Munich Xabi Alonso
90%
16,80 Spain Manchester City Zenit S-Pb Javi García
80%
15,25 Turkey Hamburger SV Bayer Leverkusen Hakan Çalhanoğlu
70%
25,00 Argentina Benfica Valencia Enzo Pérez
50%
13,00 Brazil Cruzeiro Real Madrid Lucas Silva
40%
10,00 Greece Olympiacos Benfica Andreas Samaris
30%
8,00 France Stade Rennais Monaco Tiemoué Bakayoko
20%
No matching quizzes found
Score Distribution
Percent of People with Each Score
Percentile by Number Answered
Your Score History
You have not taken this quiz